Vliv žíhání na vlastnosti svarových spojů s 0,5 % molybdenu a odstupňovaným obsahem chromu

Bibliographic Details
Main Authors: Horký, Jiří (Author), Libra, Otakar (Author)
Format: Article
Language:Czech

MARC

LEADER 00000nab a2200000uu 4500
001 vtls011504701
003 SK-MaSNL
005 20260303155432.0
008 230222|1975 xo |||||||||||||||||cze|
015 |a SNBRB 
035 |a (urnnbn)urn:nbn:sk:snk:ar-a0alfw 
035 |a (uuid)33788a84-6905-4f21-a1fe-4219d0f59b60 
035 |a urn:nbn:sk:snk-abdyaf 
040 |a SNKBUCL  |b slo  |c SNKBUCL  |e AACR2 
041 0 |a cze 
044 |a xo  |c SK 
100 1 |a Horký, Jiří  |4 aut  |9 977285 
245 1 0 |a Vliv žíhání na vlastnosti svarových spojů s 0,5 % molybdenu a odstupňovaným obsahem chromu  |c Jiří Horký, Otakar Libra 
700 1 |a Libra, Otakar  |4 aut  |9 692857 
773 0 |t Zváranie : odborný časopis československých zváračov  |g Roč. 24, č. 12 (1975), s. 361-366 
954 |a odborná, vedecká literatúra pôvodná (slovenská)  |2 lita 
954 |a odborná, vedecká literatúra cudzojazyčná (svetová)  |2 lita 
958 |a OND 
958 |a EUIPO 
958 |a article20 
999 |c 2040229  |d 2042159